MARC

LEADER 00000nas a2200000 a 4500
001 ssj0003729
003 WaSeSS
005 20200512172242.0
006 m d
007 cr n
008 970811c19479999enkmr pss 0 0eng c
010 |a  2005233038 
015 |a GBB370816  |2 bnb 
016 7 |a 012433157  |2 Uk 
022 |a 1365-2540  |l 0018-067X  |y 0018-067X 
035 |a (WaSeSS)ssj0003729 
040 |a F#A  |b eng  |c F#A  |d OCL  |d OCLCQ  |d GUA  |d CNTRU  |d OCLCQ  |d OCLCO  |d OCLCQ  |d OCLCF  |d OCL  |d OCLCO  |d EUW  |d OCLCO  |d OCLCQ  |d SCB  |d WT2  |d OCLCA  |d BUF  |d U3W  |d OCLCQ  |d OCLCO  |d AU@  |d WYU  |d UKMGB  |d OCLCO  |d OCLCA  |d VT2  |d OCLCO  |d OCLCA  |d DLC  |d OCLCQ  |d OCLCO  |d OCLCA  |d WaSeSS 
042 |a pcc 
050 0 0 |a QH431 
082 0 4 |a 576.5 
245 0 0 |a Heredity  |h [electronic resource]. 
260 |a [London] :  |b Genetical Society of Great Britain 
310 |a Monthly 
362 1 |a Print began with v. 1, pt. 1 (July 1947). 
500 |a Published: [London] : Nature Pub. Group, 2002- 
506 |a License restrictions may limit access. 
538 |a Mode of access: World Wide Web. 
550 |a Official journal of the Genetical Society. 
588 0 |a Vol. 76, no. 2 (Feb. 1996); title from contents screen (Nature Pub. Group, viewed Feb. 15, 2005). 
588 1 |a Vol. 122, no. 5 (May 2019); (Nature.com, viewed Apr. 29, 2019). 
650 0 |a Genetics  |v Periodicals. 
650 0 |a Heredity  |v Periodicals. 
650 0 |a Evolution  |v Periodicals. 
650 2 |a Genetics. 
650 7 |a Evolution.  |2 fast  |0 (OCoLC)fst00917265 
650 7 |a Genetics.  |2 fast  |0 (OCoLC)fst00940117 
650 7 |a Heredity.  |2 fast  |0 (OCoLC)fst00955412 
655 0 |a Electronic journals. 
710 2 |a Genetical Society (Great Britain) 
710 2 |a Springer Nature (Firm) 
776 0 8 |i Print version:  |t Heredity  |x 0018-067X  |w (DLC) 49052696  |w (OCoLC)1752017 
850 |a DLC 
856 4 0 |z Full text available from Research Library: 01/01/2000 to 1 year ago  |u https://search.proquest.com/publication/36536